000 00919cam a22002413a 4500
001 4652
003 PGUSA
005 20140828083103.0
008 031101s2003||||xxu|||||s|||||000 e eng d
040 _aPGUSA
_beng
042 _adc
050 4 _aPR
100 1 _aBenson, Arthur Christopher,
_d1862-1925
245 1 0 _aEscape, and Other Essays
_h[electronic resource] /
_cArthur Christopher Benson
260 _bProject Gutenberg,
_c2003
505 0 _aEscape — Literature and life — The new poets — Walt Whitman — Charm — Sunset — The house of Pengersick — Villages — Dreams — The visitant — That other one — Schooldays — Authorship — Herb moly and heartsease — Behold, this dreamer cometh
506 _aPublic domain in the USA.
516 _aElectronic text
653 _aEssays
830 0 _aProject Gutenberg
_v4652
856 4 0 _uhttp://www.gutenberg.org/ebooks/4652
942 _cEB
999 _c233981
_d233981